Quiz do Malawi - Statistics

Estatísticas Gerais
  • Esse quiz foi jogado 411 vezes
  • A pontuação média é 10 de 18
Estatísticas das Respostas
Dica Resposta % Correto
Países fazendo fronteira com o Malawi Moçambique
86%
País europeu que colonizou o Malawi Reino Unido
86%
Países fazendo fronteira com o Malawi Zâmbia
84%
Países fazendo fronteira com o Malawi Tanzânia
83%
9,2% dos adultos têm essa doença, uma das taxas mais altas do mundo HIV/AIDS
77%
Religião dominante Cristianismo
72%
Objeto representado na bandeira Sol nascente
70%
Controversamente, o Malawi foi o único país africano a manter relações com este país vizinho antes de 1994 África do Sul
66%
Capital da região Central + nacional Lilongwe
63%
Cantora pop americana que adotou duas crianças do Malawi Madonna
60%
Malawi compartilha seu nome com um dos Grandes _____ Africanos Lagos
53%
39% das exportações do Malawi consistem desta substância viciante Tabaco
41%
Antigo nome do Malawi {Niassa}lândia
34%
Vale que atravessa o Malawi Vale do {Rift}
31%
Explorador britânico que chegou ao Lago Malawi em 1857 David Livingstone
28%
Capital da região Sul Blantire
25%
Moeda oficial Kwacha
24%
Capital da região Norte Mzuzu
19%
Nenhum quiz correspondente encontrado
Distribuição das Pontuações
Porcentagem de Pessoas com Cada Pontuação
Percentil de Números Respondidos
Sua Pontuação Histórica
Você não jogou esse quiz